[Event "Stare Mesto op"]
[Site "Stare Mesto"]
[Date "2023.08.06"]
[Round "2"]
[White "Vavruska, Antonin"]
[Black "Vrtal, Jaroslav"]
[Result "1/2-1/2"]
[WhiteElo "1887"]
[BlackElo "1987"]
[PlyCount "20"]
[EventDate "2023.08.05"]
[EventType "swiss"]
[EventRounds "9"]
[EventCountry "CZE"]
[SourceTitle "EXT 2024"]
[Source "ChessBase"]
[SourceDate "2023.10.10"]
[SourceVersion "1"]
[SourceVersionDate "2023.10.10"]
[SourceQuality "1"]

1. Nf3 d5 2. b3 Nf6 3. Bb2 e6 4. d3 Be7 5. Nbd2 0-0 6. g3 c5 7. Bg2 Nc6 8. Ne5 Nxe5 9. Bxe5 b6 10. c4 Bb7 1/2-1/2

[Event "South Moravia Region-chT 2223"]
[Site "Czech Republic"]
[Date "2023.04.02"]
[Round "11.1"]
[White "Smistik, Milan"]
[Black "Vrtal, Jaroslav"]
[Result "1/2-1/2"]
[WhiteElo "2316"]
[BlackElo "2001"]
[PlyCount "24"]
[EventDate "2022.10.09"]
[EventType "team-tourn"]
[EventRounds "11"]
[EventCountry "CZE"]
[SourceTitle "EXT 2024"]
[Source "ChessBase"]
[SourceDate "2023.10.10"]
[SourceVersion "1"]
[SourceVersionDate "2023.10.10"]
[SourceQuality "1"]

1. e4 c5 2. b4 d6 3. Bc4 cxb4 4. Bb2 Qc7 5. Bb3 Nf6 6. d3 Nc6 7. Nf3 e6 8. c3 Be7 9. cxb4 Nxb4 10. Nc3 0-0 11. Rc1 Qb6 12. Na4 Qd8 1/2-1/2

[Event "CZE-chT2E 2223"]
[Site "Czech Republic"]
[Date "2023.03.26"]
[Round "11.6"]
[White "Kaplan, Milan"]
[Black "Vrtal, Jaroslav"]
[Result "0-1"]
[WhiteElo "1790"]
[BlackElo "1980"]
[PlyCount "102"]
[EventDate "2022.10.16"]
[EventType "team-tourn"]
[EventRounds "11"]
[EventCountry "CZE"]
[SourceTitle "EXT 2024"]
[Source "ChessBase"]
[SourceDate "2023.10.10"]
[SourceVersion "1"]
[SourceVersionDate "2023.10.10"]
[SourceQuality "1"]
[WhiteTeam "Orechov Orel"]
[BlackTeam "Prusanky Podluzan"]
[WhiteTeamCountry "CZE"]
[BlackTeamCountry "CZE"]

1. e4 c5 2. Nf3 d6 3. d4 cxd4 4. Nxd4 a6 5. Be3 Nf6 6. Nc3 e6 7. Be2 Be7 8. a3 Qc7 9. Bf3 Nbd7 10. g3 Ne5 11. Bg2 Nc4 12. Bc1 0-0 13. Qd3 Bd7 14. b3 Ne5 15. Qd2 Rac8 16. Bb2 Nc6 17. 0-0 Rfd8 18. Rac1 Nxd4 19. Qxd4 Bc6 20. Ne2 b5 21. c4 Qb7 22. f3 bxc4 23. bxc4 Bf8 24. Qd2 Nd7 25. Nf4 Ne5 26. Nh5 Rb8 27. Bd4 Ng6 28. Qc3 e5 29. Be3 Bd7 30. f4 Bg4 31. h3 Bxh5 32. g4 Bxg4 33. hxg4 exf4 34. Bd4 Qd7 35. Bh3 Qa4 36. Rb1 Rxb1 37. Rxb1 Rc8 38. g5 Rxc4 39. Bd7 Rxc3 40. Bxa4 Rxa3 41. Be8 Rd3 42. Bf2 Ne5 43. Ra1 Nf3+ 44. Kg2 Nxg5 45. Bc6 Nf3 46. Rxa6 Ne5 47. Bd5 g5 48. Ra8 Kg7 49. Bb6 g4 50. Bd8 Rd2+ 51. Kf1 g3 0-1

[Event "South Moravia Region-chT 2223"]
[Site "Czech Republic"]
[Date "2023.02.12"]
[Round "8.2"]
[White "Majer, Jiri"]
[Black "Vrtal, Jaroslav"]
[Result "1/2-1/2"]
[WhiteElo "2217"]
[BlackElo "2001"]
[PlyCount "39"]
[EventDate "2022.10.09"]
[EventType "team-tourn"]
[EventRounds "11"]
[EventCountry "CZE"]
[SourceTitle "EXT 2024"]
[Source "ChessBase"]
[SourceDate "2023.10.10"]
[SourceVersion "1"]
[SourceVersionDate "2023.10.10"]
[SourceQuality "1"]

1. d4 Nf6 2. Nf3 g6 3. g3 Bg7 4. Bg2 0-0 5. 0-0 d6 6. c4 Nbd7 7. Nc3 e5 8. e4 c6 9. h3 Qb6 10. dxe5 dxe5 11. Rb1 Re8 12. Be3 Qc7 13. Qd2 Nf8 14. Rfd1 Be6 15. b3 Rad8 16. Qc2 Bc8 17. Rxd8 Rxd8 18. Rd1 Rd7 19. Rxd7 N6xd7 20. Qd2 1/2-1/2

[Event "Stare Mesto op"]
[Site "Stare Mesto"]
[Date "2022.08.18"]
[Round "7"]
[White "Vrtal, Jaroslav"]
[Black "Skalka, Jan"]
[Result "1/2-1/2"]
[WhiteElo "2000"]
[BlackElo "1909"]
[PlyCount "27"]
[EventDate "2022.08.12"]
[EventType "swiss"]
[EventRounds "9"]
[EventCountry "CZE"]
[SourceTitle "CBM 209 Extra"]
[Source "ChessBase"]
[SourceDate "2022.09.30"]
[SourceVersion "1"]
[SourceVersionDate "2022.09.30"]
[SourceQuality "1"]

1. d4 Nf6 2. Nf3 g6 3. g3 c6 4. Bg2 Bg7 5. 0-0 0-0 6. c4 d5 7. b3 dxc4 8. bxc4 c5 9. e3 Nc6 10. Bb2 Qb6 11. Qb3 Ne4 12. Ne5 Nd6 13. Qxb6 axb6 14. Nd2 1/2-1/2

[Event "Stare Mesto op"]
[Site "Stare Mesto"]
[Date "2022.08.14"]
[Round "3"]
[White "Vrtal, Jaroslav"]
[Black "Janek, Jiri"]
[Result "1-0"]
[WhiteElo "2000"]
[BlackElo "1746"]
[PlyCount "59"]
[EventDate "2022.08.12"]
[EventType "swiss"]
[EventRounds "9"]
[EventCountry "CZE"]
[SourceTitle "CBM 209 Extra"]
[Source "ChessBase"]
[SourceDate "2022.09.30"]
[SourceVersion "1"]
[SourceVersionDate "2022.09.30"]
[SourceQuality "1"]

1. d4 d5 2. Nf3 Nf6 3. Bf4 c6 4. Nbd2 Bf5 5. e3 Nbd7 6. Be2 h6 7. 0-0 e6 8. h3 Be7 9. c4 0-0 10. c5 b5 11. a4 a6 12. b4 Ne4 13. Nxe4 Bxe4 14. Nd2 Bf5 15. Nb3 Nf6 16. f3 Qd7 17. Bd3 Bxd3 18. Qxd3 Rfc8 19. Ra2 Bd8 20. Rfa1 Qb7 21. Bd6 Ne8 22. Bg3 Nf6 23. Be5 Nd7 24. Bd6 Nf6 25. e4 dxe4 26. fxe4 Ne8 27. Be5 Nf6 28. Bxf6 Bxf6 29. Rd1 Rd8 30. axb5 1-0

[Event "Stare Mesto op"]
[Site "Stare Mesto"]
[Date "2022.08.12"]
[Round "1"]
[White "Vrtal, Jaroslav"]
[Black "Babula, Matej"]
[Result "0-1"]
[WhiteElo "2000"]
[BlackElo "1748"]
[PlyCount "24"]
[EventDate "2022.08.12"]
[EventType "swiss"]
[EventRounds "9"]
[EventCountry "CZE"]
[SourceTitle "CBM 209 Extra"]
[Source "ChessBase"]
[SourceDate "2022.09.30"]
[SourceVersion "1"]
[SourceVersionDate "2022.09.30"]
[SourceQuality "1"]

1. d4 Nf6 2. Nf3 e6 3. e3 b6 4. Bd3 Bb7 5. Nbd2 d5 6. 0-0 Bd6 7. Qe2 Ne4 8. Re1 0-0 9. Nf1 c5 10. c3 Nd7 11. Ng3 e5 12. Bd2 Nxg3 0-1

[Event "CZE-chT2E 2122"]
[Site "Czech Republic"]
[Date "2022.02.27"]
[Round "9.5"]
[White "Pfeffer, Erik"]
[Black "Vrtal, Jaroslav"]
[Result "1/2-1/2"]
[WhiteElo "1994"]
[BlackElo "2012"]
[PlyCount "24"]
[EventDate "2021.10.17"]
[EventType "team-tourn"]
[EventRounds "11"]
[EventCountry "CZE"]
[SourceTitle "EXT 2024"]
[Source "ChessBase"]
[SourceDate "2023.10.10"]
[SourceVersion "1"]
[SourceVersionDate "2023.10.10"]
[SourceQuality "1"]
[WhiteTeam "Borsice"]
[BlackTeam "Prusanky Podluzan"]
[WhiteTeamCountry "CZE"]
[BlackTeamCountry "CZE"]

1. c4 Nf6 2. Nc3 g6 3. g3 Bg7 4. Bg2 0-0 5. Nf3 d6 6. 0-0 c6 7. d3 Nbd7 8. Rb1 a5 9. a3 e5 10. b4 axb4 11. axb4 Re8 12. b5 d5 1/2-1/2

[Event "CZE-chT2E 2122"]
[Site "Czech Republic"]
[Date "2021.12.05"]
[Round "4.4"]
[White "Vrtal, Jaroslav"]
[Black "Hladky, Tadeas"]
[Result "1/2-1/2"]
[WhiteElo "2012"]
[BlackElo "2039"]
[PlyCount "38"]
[EventDate "2021.10.17"]
[EventType "team-tourn"]
[EventRounds "11"]
[EventCountry "CZE"]
[SourceTitle "EXT 2024"]
[Source "ChessBase"]
[SourceDate "2023.10.10"]
[SourceVersion "1"]
[SourceVersionDate "2023.10.10"]
[SourceQuality "1"]
[WhiteTeam "Prusanky Podluzan"]
[BlackTeam "Jundrov Jezdci"]
[WhiteTeamCountry "CZE"]
[BlackTeamCountry "CZE"]

1. d4 d5 2. Nf3 Nf6 3. Bf4 c5 4. e3 Nc6 5. c3 Qb6 6. Qb3 c4 7. Qxb6 axb6 8. Na3 Ne4 9. Be2 Nxc3 10. bxc3 Rxa3 11. Kd2 b5 12. Rhb1 Na5 13. Bc7 Bf5 14. Rxb5 Nb3+ 15. axb3 Rxa1 16. bxc4 Ra2+ 17. Ke1 Ra1+ 18. Kd2 Ra2+ 19. Ke1 Ra1+ 1/2-1/2

[Event "Stare Mesto op"]
[Site "Stare Mesto"]
[Date "2021.08.14"]
[Round "2"]
[White "Husek, Martin"]
[Black "Vrtal, Jaroslav"]
[Result "1-0"]
[WhiteElo "2241"]
[BlackElo "2037"]
[PlyCount "39"]
[EventDate "2021.08.13"]
[EventType "swiss"]
[EventRounds "9"]
[EventCountry "CZE"]
[SourceTitle "CBM 203 Extra"]
[Source "ChessBase"]
[SourceDate "2021.09.30"]
[SourceVersion "1"]
[SourceVersionDate "2021.09.30"]
[SourceQuality "1"]

1. e4 c5 2. Nf3 d6 3. d4 cxd4 4. Nxd4 Nf6 5. Nc3 a6 6. Bg5 e6 7. f4 Be7 8. Qf3 0-0 9. 0-0-0 Qc7 10. Bd3 Nbd7 11. Rhe1 Rb8 12. e5 dxe5 13. fxe5 Nxe5 14. Rxe5 Nd7 15. Bxe7 Nxe5 16. Bxh7+ Kxh7 17. Qh5+ Kg8 18. Bxf8 Kxf8 19. Qh8+ Ke7 20. Nf5+ 1-0

[Event "Stare Mesto op"]
[Site "Stare Mesto"]
[Date "2019.08.23"]
[Round "7"]
[White "Vrtal, Jaroslav"]
[Black "Machacek, Lukas"]
[Result "1-0"]
[WhiteElo "2032"]
[BlackElo "1666"]
[PlyCount "59"]
[EventDate "2019.08.17"]
[EventType "swiss"]
[EventRounds "9"]
[EventCountry "CZE"]
[SourceTitle "EXT 2020"]
[Source "ChessBase"]
[SourceDate "2019.10.17"]
[SourceVersion "1"]
[SourceVersionDate "2019.10.17"]
[SourceQuality "1"]

1. Nf3 d5 2. g3 Nf6 3. Bg2 e6 4. 0-0 Be7 5. d4 0-0 6. b3 c5 7. e3 Nc6 8. Bb2 Bd7 9. Nbd2 Rc8 10. a3 b5 11. Ne5 c4 12. bxc4 bxc4 13. Bc3 Qc7 14. f4 a6 15. g4 h6 16. Qf3 Nh7 17. Nxd7 Qxd7 18. Qg3 Qd8 19. Nf3 Nf6 20. Ne5 Nxe5 21. dxe5 Nd7 22. f5 Rc6 23. Kh1 Bc5 24. h4 Be7 25. g5 h5 26. e4 Nb6 27. f6 Bc5 28. fxg7 Kxg7 29. Rf6 Be7 30. g6 1-0

[Event "CZE-chT2E 1819"]
[Site "Czech Republic"]
[Date "2019.03.31"]
[Round "11.7"]
[White "Fiala, Jiri"]
[Black "Vrtal, Jaroslav"]
[Result "0-1"]
[WhiteElo "1864"]
[BlackElo "2008"]
[PlyCount "94"]
[EventDate "2018.10.14"]
[EventType "team-tourn"]
[EventRounds "11"]
[EventCountry "CZE"]
[SourceTitle "EXT 2022"]
[Source "ChessBase"]
[SourceDate "2021.10.06"]
[SourceVersion "1"]
[SourceVersionDate "2021.10.06"]
[SourceQuality "1"]
[WhiteTeam "Prostejov"]
[BlackTeam "Prusanky Podluzan"]
[WhiteTeamCountry "CZE"]
[BlackTeamCountry "CZE"]

1. d4 d5 2. Nf3 Nf6 3. Bf4 e6 4. e3 c5 5. Nbd2 Be7 6. c3 Nc6 7. Bd3 0-0 8. Ne5 Bd7 9. Qf3 c4 10. Bc2 b5 11. a3 a5 12. 0-0 Rc8 13. Qh3 g6 14. Bh6 Re8 15. f4 b4 16. axb4 axb4 17. g4 Rb8 18. g5 Nh5 19. Bd1 Ng7 20. Bxg7 Kxg7 21. Qh6+ Kg8 22. Nxf7 Qb6 23. Bc2 Bf8 24. Qh4 bxc3 25. bxc3 Qb2 26. Rac1 Qxc3 27. Nf3 Qxe3+ 28. Kh1 Rb2 29. N7e5 Nxe5 30. Nxe5 Rxc2 31. Rxc2 Ba4 32. Rg2 Bg7 33. Ng4 Qxd4 34. Nf6+ Bxf6 35. gxf6 Rf8 36. Ra2 Bb3 37. f7+ Rxf7 38. Ra8+ Kg7 39. Qd8 Qe4+ 40. Kg1 Qf5 41. Qg8+ Kh6 42. Rf3 Bd1 43. Rf2 c3 44. Ra3 c2 45. Ra1 d4 46. Qd8 d3 47. Qh4+ Kg7 0-1

[Event "Stare Mesto op"]
[Site "Stare Mesto"]
[Date "2018.08.23"]
[Round "6"]
[White "Ludvik, Tomas"]
[Black "Vrtal, Jaroslav"]
[Result "1-0"]
[WhiteElo "2207"]
[BlackElo "2033"]
[PlyCount "85"]
[EventDate "2018.08.18"]
[EventType "swiss"]
[EventRounds "9"]
[EventCountry "CZE"]
[SourceTitle "CBM 186 Extra"]
[Source "ChessBase"]
[SourceDate "2018.08.24"]
[SourceVersion "1"]
[SourceVersionDate "2018.08.24"]
[SourceQuality "1"]

1. d4 Nf6 2. c4 g6 3. Nc3 Bg7 4. e4 d6 5. Nf3 0-0 6. Be2 Nbd7 7. 0-0 c6 8. h3 e5 9. Be3 h6 10. Qc2 Qe7 11. Rfe1 Nh5 12. Rad1 Nf4 13. Bf1 Re8 14. b4 Qf6 15. dxe5 dxe5 16. Nd2 Nf8 17. Nb3 Nh7 18. Ne2 Qh4 19. Qd2 Nxh3+ 20. gxh3 Bxh3 21. Bxh3 Qxh3 22. Qd3 Qg4+ 23. Ng3 Nf6 24. Qe2 Qh4 25. Qf3 h5 26. Qg2 Qg4 27. f3 Qe6 28. Rc1 Red8 29. Nc5 Qe7 30. Red1 b6 31. Nd3 Rd7 32. a3 a5 33. Bxb6 axb4 34. axb4 Bh6 35. Nf5 Qf8 36. Nxh6+ Qxh6 37. Nxe5 Rxd1+ 38. Rxd1 Ra3 39. Bc5 Ra8 40. Nxc6 h4 41. Ne7+ Kh7 42. Nd5 Nxe4 43. fxe4 1-0

[Event "Stare Mesto op"]
[Site "Stare Mesto"]
[Date "2017.08.19"]
[Round "10"]
[White "Liu, David"]
[Black "Vrtal, Jaroslav"]
[Result "0-1"]
[WhiteElo "1854"]
[BlackElo "2042"]
[PlyCount "94"]
[EventDate "2017.08.11"]
[EventType "swiss"]
[EventRounds "10"]
[EventCountry "CZE"]
[SourceTitle "CBM 180 Extra"]
[Source "ChessBase"]
[SourceDate "2017.10.06"]
[SourceVersion "1"]
[SourceVersionDate "2017.10.06"]
[SourceQuality "1"]

1. e4 c5 2. Nf3 d6 3. d4 cxd4 4. Nxd4 Nf6 5. Nc3 a6 6. Bg5 e6 7. f4 Be7 8. Qf3 0-0 9. 0-0-0 Qc7 10. g4 b5 11. a3 Bb7 12. h4 Nc6 13. Nxc6 Bxc6 14. Bd3 Rab8 15. Bxf6 Bxf6 16. Nd5 exd5 17. exd5 Bd7 18. g5 Bxb2+ 19. Kxb2 b4 20. Be4 bxa3+ 21. Ka1 Bg4 22. Qd3 Bxd1 23. Bxh7+ Kh8 24. Rxd1 f5 25. Bg6 Qc5 26. Qf3 Kg8 27. Qd3 Qb4 28. Qd4 Qb2+ 29. Qxb2 axb2+ 30. Kb1 Rb4 31. c3 Rxf4 32. Kxb2 Rxh4 33. Ra1 Rg4 34. Rxa6 Rxg5 35. Rxd6 f4 36. Bd3 f3 37. Ra6 Rb8+ 38. Kc1 Rg1+ 39. Kd2 f2 40. Ke3 f1Q 41. Bxf1 Rxf1 42. Kd4 Kf7 43. Rc6 g5 44. Ke5 Re8+ 45. Kd4 g4 46. Ra6 g3 47. Ra7+ Kf6 0-1

[Event "Stare Mesto op"]
[Site "Stare Mesto"]
[Date "2017.08.14"]
[Round "5"]
[White "Vrtal, Jaroslav"]
[Black "Zetocha, Claudiu"]
[Result "0-1"]
[WhiteElo "2042"]
[BlackElo "2326"]
[PlyCount "94"]
[EventDate "2017.08.11"]
[EventType "swiss"]
[EventRounds "10"]
[EventCountry "CZE"]
[SourceTitle "CBM 180 Extra"]
[Source "ChessBase"]
[SourceDate "2017.10.06"]
[SourceVersion "1"]
[SourceVersionDate "2017.10.06"]
[SourceQuality "1"]

1. Nf3 c5 2. c4 Nf6 3. g3 b6 4. Bg2 Bb7 5. 0-0 e6 6. Re1 d6 7. Nc3 Be7 8. d3 0-0 9. a3 a6 10. Rb1 Qc7 11. e4 Nbd7 12. Ng5 Rfe8 13. f4 Rab8 14. Qe2 h6 15. Nf3 Nh7 16. Be3 Ba8 17. a4 Bf6 18. Rbc1 Bc6 19. d4 cxd4 20. Nxd4 Bb7 21. Bf2 Rbc8 22. b3 Qb8 23. h4 Qa8 24. g4 g5 25. hxg5 hxg5 26. f5 Ne5 27. Rcd1 Qb8 28. Bg3 Rcd8 29. Rf1 Qc7 30. Rf2 Qc5 31. fxe6 fxe6 32. Bxe5 Bxe5 33. Qd3 Nf6 34. Bf3 Kf7 35. Nce2 Rh8 36. Rdf1 Ke7 37. Nc2 Rc8 38. Ne3 Rh3 39. Nd5+ exd5 40. exd5 Rch8 41. b4 Qxb4 42. Qe3 Qc5 43. Qxc5 bxc5 44. Rb1 Bc8 45. Rb6 Nxg4 46. Bxg4 Rh1+ 47. Kg2 R8h2+ 0-1